000 00442nam a22001577a 4500
005 20251108165412.0
008 250721s2000 xx 000 0 ara d
082 1 4 _a519.53/صال
100 1 _aأبو صالح، محمد صبحي
245 1 0 _aالطرق الإحصائية /
264 1 _aعمان :
_bدار اليازوري،
_c2000.
300 _a593ص.
650 1 7 _aالإحصاء الوصفي
942 _2ddc
_cBK
999 _c27030
_d27030